000166442 001__ 166442
000166442 005__ 20260121131120.0
000166442 037__ $$aTAZ-TFG-2025-4452
000166442 041__ $$aspa
000166442 1001_ $$aSánchez Barón, Álvaro
000166442 24200 $$aLineal evolution of perturbations for Lambda-CDM and Fuzzy-DM
000166442 24500 $$aEvolución lineal de perturbaciones para Lambda‐CDM y Fuzzy‐DM
000166442 260__ $$aZaragoza$$bUniversidad de Zaragoza$$c2025
000166442 506__ $$aby-nc-sa$$bCreative Commons$$c3.0$$uhttp://creativecommons.org/licenses/by-nc-sa/3.0/
000166442 520__ $$aLa materia oscura es una componente determinante en la formación de estructuras en el universo. Sin embargo, no conocemos aún sus propiedades físicas con<br />exactitud. Entre los modelos propuestos para explicarla, Cold Dark Matter (CDM) ha sido el más ampliamente aceptado por la comunidad científica, debido a <br />sus éxitos observacionales, pero observaciones recientes en la distribución de masa de las galaxias así como de la abundancia de galaxias enanas no son<br />correctamente predichas por este modelo. Entre los modelos alternativos, Fuzzy-DM se presenta como uno de los más prometedores. En este trabajo estudiaremos<br />la evolución lineal de las perturbaciones de densidad de materia en el universo bajo ambos modelos, mostrando como este Fuzzy-DM puede explicar las recientes<br />inconsistencias encontradas para CDM y proporcionando una estimación del limite inferior de masa necesaria para la formación de galaxias bajo este modelo<br />alternativo.<br /><br />
000166442 521__ $$aGraduado en Física
000166442 540__ $$aDerechos regulados por licencia Creative Commons
000166442 691__ $$a0
000166442 692__ $$a
000166442 700__ $$aMembrado Ibáñez, Manuel Clemente$$edir.
000166442 7102_ $$aUniversidad de Zaragoza$$bFísica Teórica$$cAstronomía y astrofísica
000166442 8560_ $$f800104@unizar.es
000166442 8564_ $$s412971$$uhttps://zaguan.unizar.es/record/166442/files/TAZ-TFG-2025-4452.pdf$$yMemoria (spa)
000166442 909CO $$ooai:zaguan.unizar.es:166442$$pdriver$$ptrabajos-fin-grado
000166442 950__ $$a
000166442 951__ $$adeposita:2026-01-21
000166442 980__ $$aTAZ$$bTFG$$cCIEN
000166442 999__ $$a20250915232830.CREATION_DATE